<?xml version="1.0" encoding="UTF-8"?>
<collection xmlns:xsi="http://www.w3.org/2001/XMLSchema-instance" xsi:schemaLocation="http://www.loc.gov/MARC21/slim http://www.loc.gov/standards/marcxml/schema/MARC21slim.xsd" xmlns="http://www.loc.gov/MARC21/slim">
 <record>
  <leader>00000cab a22000003a 4500</leader>
  <controlfield tag="001">UP-99796217612386884</controlfield>
  <controlfield tag="003">Buklod</controlfield>
  <controlfield tag="005">20231008001347.0</controlfield>
  <controlfield tag="006">m    |o  d |      </controlfield>
  <controlfield tag="007">ta</controlfield>
  <controlfield tag="008">170222s        xx     d | ||r |||||   ||</controlfield>
  <datafield tag="040" ind1=" " ind2=" ">
   <subfield code="a">DENGII</subfield>
  </datafield>
  <datafield tag="041" ind1="0" ind2=" ">
   <subfield code="a">eng</subfield>
  </datafield>
  <datafield tag="100" ind1="1" ind2=" ">
   <subfield code="a">Pablo, Zelinna.</subfield>
  </datafield>
  <datafield tag="245" ind1="1" ind2="0">
   <subfield code="a">Unraveling the web</subfield>
   <subfield code="b">A discursive approach to designing websites that encourage participation</subfield>
   <subfield code="c">Zelinna Pablo.</subfield>
  </datafield>
  <datafield tag="300" ind1=" " ind2=" ">
   <subfield code="a">December 2010</subfield>
   <subfield code="b">p. 16-22</subfield>
  </datafield>
  <datafield tag="520" ind1="3" ind2=" ">
   <subfield code="a">This issue of participation on websites has in the past been addressed through the mobilization of interaction mechanisms or tools such as discussion forums, chat, or online surveys. In this study I propose an alternative approach: that participation on websites can best be achieved through the mobilization of discursive strategies that enact words, visuals, and interactivity features.I argue that tools are too blunt an instrument to be used as a basic unit of anaylsis; hence dissecting them into more finely tuned discursive strategies will lead to a richer explanatory framework that will account more fully for a websites dynamics of participation. I therefore address two research questions, the first focusing on discursive strategies that encourage participation, and the second on discursive strategies that discourage it. I use comparative case study and discourse analytic techniques beyond words, to include visuals and interactivity features on websites.</subfield>
  </datafield>
  <datafield tag="653" ind1=" " ind2=" ">
   <subfield code="a">Discourse anaylsis.</subfield>
  </datafield>
  <datafield tag="653" ind1=" " ind2=" ">
   <subfield code="a">E-participation.</subfield>
  </datafield>
  <datafield tag="653" ind1=" " ind2=" ">
   <subfield code="a">Development Gateway.</subfield>
  </datafield>
  <datafield tag="773" ind1="0" ind2=" ">
   <subfield code="t">Philippine computing journal</subfield>
   <subfield code="g">5, 2 (2010(D)).</subfield>
  </datafield>
  <datafield tag="905" ind1=" " ind2=" ">
   <subfield code="a">FI</subfield>
  </datafield>
  <datafield tag="852" ind1=" " ind2=" ">
   <subfield code="a">UPD</subfield>
   <subfield code="b">DENG-II</subfield>
  </datafield>
  <datafield tag="942" ind1=" " ind2=" ">
   <subfield code="a">Article</subfield>
  </datafield>
 </record>
</collection>
